书目信息 |
| 题名: |
电路与电子技术实验教程
|
|
| 作者: | 高玉良 主编 | |
| 分册: | ||
| 出版信息: | 北京 中国电力出版社 2006 |
|
| 页数: | 221页 | |
| 开本: | 26cm | |
| 丛书名: | ||
| 单 册: | ||
| 中图分类: | TM13-33 | |
| 科图分类: | ||
| 主题词: | 电路--dian lu--实验--高等学校--教程 , 电子技术--dian zi ji shu--实验--高等学校--教程 | |
| 电子资源: | ||
| ISBN: | 7-5083-4451-0 | |
| 000 | 01323nam0 2200265 450 | |
| 001 | 0100001865 | |
| 005 | 20071031110410.56 | |
| 010 | @a7-5083-4451-0@dCNY20.00 | |
| 100 | @a20070829d2006 ekmy0chiy0121 ea | |
| 101 | 0 | @achi |
| 102 | @aCN@b110000 | |
| 105 | @aak a 000yy | |
| 106 | @ar | |
| 200 | 1 | @a电路与电子技术实验教程@Adian lu yu dian zi ji shu shi yan jiao cheng@f高玉良主编@Fgao yu liang zhu bian |
| 210 | @a北京@c中国电力出版社@d2006 | |
| 215 | @a221页@c图@d26cm | |
| 320 | @a有书目 (第221页) | |
| 330 | @a本书共7章5个附录, 覆盖了电路与电子技术基础课程的基本内容, 全书第1-4章介绍了电子电路实验的基础知识和电子设计自动化软件EWB包括电子元器件识别与使用, 电子测量基本知识, 侧重于基本实验技能特别是仪器使用的训练, 第6章为模拟电路实验, 侧重于电子实验基本技能的训练, 第7章为数字电路实验, 在基本实验内容的基础上, 安排了相当数量的设计性实验内容, 同时引入了数字可编程逻辑器件应用的实验, 以满足不同层次的教学要求, 附录部分包括常用电子仪器简介, 半导体器件选编, EDA基础, 全国大学生电子设计竞赛试题选编等内容。 | |
| 333 | @a工科各专业电路与电子技术课程师生 | |
| 606 | 0 | @a电路@Adian lu@x实验@x高等学校@j教程 |
| 606 | 0 | @a电子技术@Adian zi ji shu@x实验@x高等学校@j教程 |
| 690 | @aTM13-33@v4 | |
| 701 | 0 | @a高玉良@Agao yu liang@4主编 |
| 801 | 0 | @aCN@c20071031 |
| 905 | @b20664386-88@dTM13-33@eG203@fTM13-33/G203 | |
| 电路与电子技术实验教程/高玉良主编.-北京:中国电力出版社,2006 |
| 221页:图;26cm |
| 使用对象:工科各专业电路与电子技术课程师生 |
| ISBN 7-5083-4451-0:CNY20.00 |
| 本书共7章5个附录, 覆盖了电路与电子技术基础课程的基本内容, 全书第1-4章介绍了电子电路实验的基础知识和电子设计自动化软件EWB包括电子元器件识别与使用, 电子测量基本知识, 侧重于基本实验技能特别是仪器使用的训练, 第6章为模拟电路实验, 侧重于电子实验基本技能的训练, 第7章为数字电路实验, 在基本实验内容的基础上, 安排了相当数量的设计性实验内容, 同时引入了数字可编程逻辑器件应用的实验, 以满足不同层次的教学要求, 附录部分包括常用电子仪器简介, 半导体器件选编, EDA基础, 全国大学生电子设计竞赛试题选编等内容。 |
| ● |
| 相关链接 |
|
|
|
正题名:电路与电子技术实验教程
索取号:TM13-33/G203
 
预约/预借
| 序号 | 登录号 | 条形码 | 馆藏地/架位号 | 状态 | 备注 |
| 1 | 664386 | 206643863 | 自科库301/301自科库 9排1列2层/ [索取号:TM13-33/G203] | 在馆 | |
| 2 | 664387 | 206643872 | 自科库301/301自科库 9排1列2层/ [索取号:TM13-33/G203] | 在馆 | |
| 3 | 664388 | 206643881 | 自科库301/404自科库 18排1列2层/ [索取号:TM13-33/G203] | 在馆 |